[Event "Tehran zt 3.1"]
[Site "Tehran"]
[Date "2023.05.25"]
[Round "3"]
[White "Kaffash, Milad"]
[Black "Poormosavi, Seyed Kian"]
[Result "0-1"]
[WhiteElo "2029"]
[BlackElo "2413"]
[PlyCount "82"]
[EventDate "2023.05.23"]
[EventType "swiss"]
[EventRounds "9"]
[EventCountry "IRI"]
[SourceTitle "CBM 214 Extra"]
[Source "ChessBase"]
[SourceDate "2023.07.31"]
[SourceVersion "1"]
[SourceVersionDate "2023.07.31"]
[SourceQuality "1"]

1. e4 c6 2. d4 d5 3. Nc3 dxe4 4. Nxe4 Nf6 5. Nxf6+ exf6 6. Nf3 Bd6 7. Be3 0-0 8. Bd3 Re8 9. Qd2 Nd7 10. 0-0 Nf8 11. Rfe1 Ng6 12. h3 Be6 13. Rad1 Qd7 14. Bxg6 hxg6 15. Bf4 g5 16. Bxd6 Qxd6 17. Re3 g6 18. Qe2 Kg7 19. c4 g4 20. hxg4 Rh8 21. Re4 Rh7 22. g3 Rah8 23. g5 Rh1+ 24. Kg2 Bh3+ 25. Kxh1 Bf1+ 26. Kg1 Bxe2 27. Rxe2 fxg5 28. Nxg5 Qd7 29. Re4 Qf5 30. Re5 Qg4 31. Rd3 Rh5 32. f4 f6 33. Ne6+ Kh7 34. Rxh5+ gxh5 35. d5 cxd5 36. cxd5 h4 37. Nd4 hxg3 38. Kg2 Qxf4 39. Nf3 Qd6 40. b3 Kh6 41. Nd2 Qe5 0-1